Statistics for Bordering Countries ending with the same 3 letters

Click here to take the quiz!

General Stats

  • This quiz has been taken 209 times
  • The average score is 33 of 44

Answer Stats

Answer% Correct
Pakistan
93%
Afghanistan
92%
Afghanistan
92%
Afghanistan
92%
Afghanistan
92%
Kyrgyzstan
92%
Kyrgyzstan
92%
Kyrgyzstan
92%
Uzbekistan
92%
Uzbekistan
92%
Uzbekistan
92%
Uzbekistan
92%
Uzbekistan
92%
Kazakhstan
91%
Kazakhstan
91%
Kazakhstan
91%
Turkmenistan
90%
Turkmenistan
90%
Turkmenistan
90%
Tajikistan
89%
Tajikistan
89%
Tajikistan
89%
TAN
80%
NIA
67%
North Korea
67%
SIA
67%
South Korea
67%
South Sudan
67%
Sudan
67%
BIA
64%
DAN
61%
Democratic Republic of the Congo
61%
Indonesia
61%
Republic of the Congo
61%
Malaysia
60%
REA
57%
Albania
53%
Namibia
53%
Zambia
53%
NGO
52%
Macedonia
50%
Uganda
29%
Rwanda
28%
NDA
27%

Score Distribution

Percentile by Number Answered

Percent of People with Each Score

Your Score History

You have not taken this quiz